Catálogo
 En Linea

Las industrias de la lengua / (Registro nro. 2344)

Detalles MARC
000 -CABECERA
campo de control de longitud fija 01682nam a2200205 a 4500
001 - NÚMERO DE CONTROL
campo de control 000002508
005 - FECHA Y HORA DE LA ÚLTIMA TRANSACCIÓN
campo de control 20200929150213.0
008 - DATOS DE LONGITUD FIJA--INFORMACIÓN GENERAL
campo de control de longitud fija 090702s1991 sp a 001 0 spa d
020 ## - NÚMERO INTERNACIONAL ESTÁNDAR DEL LIBRO
Número Internacional Estándar del Libro 8486168554
040 ## - FUENTE DE LA CATALOGACIÓN
Centro catalogador/agencia de origen DO-SdBNP
Lengua de catalogación spa
Centro/agencia transcriptor BNPHU
049 ## - FONDOS LOCALES (OCLC)
Fondos de biblioteca BNPHD
245 04 - MENCIÓN DE TÍTULO
Título Las industrias de la lengua /
Mención de responsabilidad, etc. dirección de José Vidal Beneyto ; traductores coordinado por Manuel Alvar Ezquerra ... [et al.].
260 ## - PUBLICACIÓN, DISTRIBUCIÓN, ETC.
Lugar de publicación, distribución, etc. Madrid :
Nombre del editor, distribuidor, etc. Fundación Germán Sánchez Ruipérez,
Fecha de publicación, distribución, etc. 1991.
300 ## - DESCRIPCIÓN FÍSICA
Extensión 494 p. :
Otras características físicas il. ;
Dimensiones 22 cm.
490 1# - MENCIÓN DE SERIE
Mención de serie Biblioteca del libro
505 2# - NOTA DE CONTENIDO CON FORMATO
Nota de contenido con formato Introducción: La industrialización de las lenguas / José Vidal Beneyto -- El tratamiento automático del lenguaje escrito / Gérard Sabah -- Análisis del texto : situación actual / Henry Thompson -- Estado del arte en comunicación hablada / Jean-Sylvain Liénard -- Un nuevo tratamiento del francés escrito / Maurice Gross -- Los métodos informáticos adaptados al tratamiento de las lenguas naturales / Maurice Nivat y Dominique Perrin -- Creación de Corpus / John M. Sinclair -- Los bancos de sonidos / René Carré -- Corpora de referencia / Antonio Zampolli -- Los bancos de datos léxicos : bases multifuncionales de datos léxicos / Antonio Zampolli -- La elaboración de los diccionarios electrónicos del francés / Maurice Gross -- Hacia bases multifuncionales de datos léxicos / Antonio Zampolli -- La generación automática de textos en lengua natural / Laurence Danlos -- Desarrollos actuales en lexicografía automatizada del español / Manuel Alvar Ezquerra.
700 1# - PUNTO DE ACCESO ADICIONAL--NOMBRE DE PERSONA
Nombre de persona Bidal Beneyto, José,
Término indicativo de función/relación dir.
9 (RLIN) 7894
700 1# - PUNTO DE ACCESO ADICIONAL--NOMBRE DE PERSONA
Nombre de persona Alvar Ezquerra, Manuel,
Término indicativo de función/relación tr.
9 (RLIN) 7895
830 #0 - PUNTO DE ACCESO ADICIONAL DE SERIE-TÍTULO UNIFORME
Título uniforme Biblioteca del libro
9 (RLIN) 7397
Existencias
Estado de retiro Estado de pérdida Restricciones de uso No para préstamo Código de colección Localización permanente Ubicación/localización actual Ubicación en estantería Fecha de adquisición Número de inventario Total de préstamos Signatura topográfica completa Código de barras Fecha visto por última vez Precio válido a partir de Tipo de ítem Koha
    Préstamo interno   Monografías: Libros y Folletos General General En catalogación 02.07.2009 LF1   2508-10 25.06.2020 25.06.2020 Préstamo interno

Con tecnología Koha